[Event "DEM U12w 2023"]
[Site "Willingen GER"]
[Date "2023.05.29"]
[Round "3"]
[White "Börner, Emma Charlotte"]
[Black "Kuhn, Sanna"]
[Result "1-0"]
[Termination "normal"]
[Board "16"]
[WhiteElo "990"]
[BlackElo "992"]
[WhiteClock "00:54:38"]
[BlackClock "00:54:24"]
[PlyCount "101"]
[WhiteFideId "34637907"]
[BlackFideId "34660313"]
[EventCountry "GER"]
[EventRounds "9"]
[EventType "swiss"]
[EventDate "2023.05.27"]

1. e4 {[%clk 01:30:57]} {[%emt 00:00:02]} e5 {[%clk 01:30:54]} {[%emt
00:00:06]} 2. Nf3 {[%clk 01:31:20]} {[%emt 00:00:07]} Nc6 {[%clk 01:31:19]}
{[%emt 00:00:05]} 3. Bc4 {[%clk 01:31:39]} {[%emt 00:00:11]} Bc5 {[%clk
01:31:42]} {[%emt 00:00:06]} 4. O-O {[%clk 01:31:29]} {[%emt 00:00:41]} Nf6
{[%clk 01:32:02]} {[%emt 00:00:10]} 5. Re1 {[%clk 01:30:55]} {[%emt 00:01:05]}
d6 {[%clk 01:32:18]} {[%emt 00:00:14]} 6. c3 {[%clk 01:31:01]} {[%emt
00:00:24]} Bg4 {[%clk 01:31:29]} {[%emt 00:01:18]} 7. d4 {[%clk 01:30:48]}
{[%emt 00:00:45]} exd4 {[%clk 01:31:22]} {[%emt 00:00:35]} 8. cxd4 {[%clk
01:30:44]} {[%emt 00:00:33]} Nxd4 {[%clk 01:31:32]} {[%emt 00:00:21]} 9. Qa4+
{[%clk 01:27:40]} {[%emt 00:03:33]} c6 {[%clk 01:29:39]} {[%emt 00:02:24]} 10.
Nxd4 {[%clk 01:27:34]} {[%emt 00:00:38]} Bxd4 {[%clk 01:29:44]} {[%emt
00:00:23]} 11. Bxf7+ {[%clk 01:26:19]} {[%emt 00:01:45]} Kxf7 {[%clk 01:29:11]}
{[%emt 00:01:04]} 12. Qxd4 {[%clk 01:26:38]} {[%emt 00:00:11]} Bd7 {[%clk
01:28:23]} {[%emt 00:01:12]} 13. Qxd6 {[%clk 01:23:33]} {[%emt 00:03:42]} Re8
{[%clk 01:26:43]} {[%emt 00:02:02]} 14. Nc3 {[%clk 01:20:57]} {[%emt 00:03:14]}
b5 {[%clk 01:21:36]} {[%emt 00:05:36]} 15. Bf4 {[%clk 01:18:39]} {[%emt
00:02:47]} a5 {[%clk 01:19:02]} {[%emt 00:03:04]} 16. Rad1 {[%clk 01:12:48]}
{[%emt 00:06:21]} Ra7 {[%clk 01:15:27]} {[%emt 00:04:03]} 17. e5 {[%clk
01:08:51]} {[%emt 00:04:28]} Ng8 {[%clk 01:14:08]} {[%emt 00:01:45]} 18. e6+
{[%clk 01:02:40]} {[%emt 00:06:44]} Bxe6 {[%clk 01:11:05]} {[%emt 00:03:32]}
19. Qxd8 {[%clk 01:02:22]} {[%emt 00:00:48]} Rxd8 {[%clk 01:11:16]} {[%emt
00:00:20]} 20. Rxd8 {[%clk 01:02:34]} {[%emt 00:00:18]} Bf5 {[%clk 01:10:22]}
{[%emt 00:01:24]} 21. Ree8 {[%clk 01:01:25]} {[%emt 00:01:38]} Nf6 {[%clk
01:09:50]} {[%emt 00:00:54]} 22. Rf8+ {[%clk 01:00:56]} {[%emt 00:01:07]} Kg6
{[%clk 01:09:30]} {[%emt 00:00:45]} 23. Rd6 {[%clk 00:59:54]} {[%emt 00:01:36]}
Re7 {[%clk 01:06:55]} {[%emt 00:03:05]} 24. h3 {[%clk 00:59:58]} {[%emt
00:00:27]} Bd7 {[%clk 01:01:01]} {[%emt 00:06:23]} 25. f3 {[%clk 00:58:19]}
{[%emt 00:02:09]} a4 {[%clk 00:59:45]} {[%emt 00:01:44]} 26. Ne4 {[%clk
00:57:09]} {[%emt 00:01:44]} c5 {[%clk 00:58:17]} {[%emt 00:01:55]} 27. Nxc5
{[%clk 00:57:04]} {[%emt 00:00:37]} Be8 {[%clk 00:58:12]} {[%emt 00:00:30]} 28.
Ne4 {[%clk 00:55:20]} {[%emt 00:02:18]} h6 {[%clk 00:56:13]} {[%emt 00:02:29]}
29. Nxf6 {[%clk 00:54:42]} {[%emt 00:01:08]} gxf6 {[%clk 00:56:25]} {[%emt
00:00:18]} 30. Rfxf6+ {[%clk 00:54:49]} {[%emt 00:00:24]} Kg7 {[%clk 00:56:12]}
{[%emt 00:00:40]} 31. Bxh6+ {[%clk 00:54:22]} {[%emt 00:00:59]} Kh7 {[%clk
00:56:20]} {[%emt 00:00:15]} 32. Bg5 {[%clk 00:53:35]} {[%emt 00:01:22]} Rg7
{[%clk 00:55:59]} {[%emt 00:00:52]} 33. Rh6+ {[%clk 00:52:53]} {[%emt
00:01:14]} Kg8 {[%clk 00:56:07]} {[%emt 00:00:19]} 34. Rd8 {[%clk 00:52:15]}
{[%emt 00:01:11]} Rxg5 {[%clk 00:52:41]} {[%emt 00:03:54]} 35. Rxe8+ {[%clk
00:52:33]} {[%emt 00:00:15]} Kf7 {[%clk 00:52:55]} {[%emt 00:00:12]} 36. h4
{[%clk 00:52:02]} {[%emt 00:01:04]} Rg7 {[%clk 00:52:46]} {[%emt 00:00:23]} 37.
Rhe6 {[%clk 00:51:59]} {[%emt 00:00:49]} b4 {[%clk 00:50:30]} {[%emt 00:02:46]}
38. R8e7+ {[%clk 00:51:57]} {[%emt 00:00:32]} Kg8 {[%clk 00:50:34]} {[%emt
00:00:22]} 39. Rxg7+ {[%clk 00:52:13]} {[%emt 00:00:18]} Kxg7 {[%clk 00:50:58]}
{[%emt 00:00:06]} 40. h5 {[%clk 00:51:58]} {[%emt 00:00:43]} Kf7 {[%clk
00:51:11]} {[%emt 00:00:18]} 41. Ra6 {[%clk 00:52:13]} {[%emt 00:00:16]} Kg7
{[%clk 00:51:23]} {[%emt 00:00:16]} 42. Rxa4 {[%clk 00:52:06]} {[%emt
00:00:39]} Kh6 {[%clk 00:51:39]} {[%emt 00:00:12]} 43. Rxb4 {[%clk 00:52:17]}
{[%emt 00:00:21]} Kxh5 {[%clk 00:52:00]} {[%emt 00:00:08]} 44. a4 {[%clk
00:52:39]} {[%emt 00:00:10]} Kg6 {[%clk 00:52:23]} {[%emt 00:00:07]} 45. a5
{[%clk 00:53:00]} {[%emt 00:00:09]} Kf7 {[%clk 00:52:49]} {[%emt 00:00:05]} 46.
a6 {[%clk 00:53:18]} {[%emt 00:00:11]} Ke8 {[%clk 00:53:12]} {[%emt 00:00:06]}
47. a7 {[%clk 00:53:38]} {[%emt 00:00:11]} Kf7 {[%clk 00:53:34]} {[%emt
00:00:07]} 48. Rb6 {[%clk 00:53:54]} {[%emt 00:00:15]} Ke7 {[%clk 00:53:47]}
{[%emt 00:00:17]} 49. a8=Q {[%clk 00:54:11]} {[%emt 00:00:13]} Kd7 {[%clk
00:54:04]} {[%emt 00:00:12]} 50. Qa7+ {[%clk 00:54:29]} {[%emt 00:00:13]} Kc8
{[%clk 00:54:24]} {[%emt 00:00:10]} 51. Rb8# {[%clk 00:54:38]} {[%emt
00:00:20]} 1-0

[Event "DEM U12w 2023"]
[Site "Willingen GER"]
[Date "2023.05.29"]
[Round "3"]
[White "Fettan, Nua"]
[Black "Baihaghi, Aryana"]
[Result "0-1"]
[Termination "normal"]
[Board "17"]
[WhiteElo "1234"]
[BlackElo "1334"]
[WhiteClock "00:13:30"]
[BlackClock "00:16:38"]
[PlyCount "103"]
[WhiteFideId "34637362"]
[BlackFideId "34604960"]
[EventCountry "GER"]
[EventRounds "9"]
[EventType "swiss"]
[EventDate "2023.05.27"]

1. e4 {[%clk 01:30:58]} e5 {[%clk 01:30:56]} {[%emt 00:00:04]} 2. Nf3 {[%clk
01:31:18]} {[%emt 00:00:10]} Nc6 {[%clk 01:31:23]} {[%emt 00:00:03]} 3. d4
{[%clk 01:31:37]} {[%emt 00:00:12]} exd4 {[%clk 01:30:37]} {[%emt 00:01:16]} 4.
Nxd4 {[%clk 01:31:54]} {[%emt 00:00:12]} Bc5 {[%clk 01:07:17]} {[%emt
00:23:50]} 5. Be3 {[%clk 01:31:17]} {[%emt 00:01:07]} Qf6 {[%clk 01:02:10]}
{[%emt 00:05:36]} 6. c3 {[%clk 01:30:49]} {[%emt 00:00:59]} Qg6 {[%clk
00:57:04]} {[%emt 00:05:35]} 7. f3 {[%clk 01:25:49]} {[%emt 00:05:32]} Nge7
{[%clk 00:53:43]} {[%emt 00:03:51]} 8. Qd2 {[%clk 01:23:01]} {[%emt 00:03:13]}
d5 {[%clk 00:48:53]} {[%emt 00:05:24]} 9. Bd3 {[%clk 01:16:37]} {[%emt
00:06:54]} Ne5 {[%clk 00:44:27]} {[%emt 00:04:56]} 10. Rg1 {[%clk 01:05:34]}
{[%emt 00:11:33]} Nxd3+ {[%clk 00:40:17]} {[%emt 00:04:41]} 11. Qxd3 {[%clk
01:04:49]} {[%emt 00:01:14]} dxe4 {[%clk 00:37:56]} {[%emt 00:02:52]} 12. fxe4
{[%clk 01:00:21]} {[%emt 00:04:58]} O-O {[%clk 00:33:26]} {[%emt 00:04:59]} 13.
Nd2 {[%clk 00:50:53]} {[%emt 00:09:58]} Nd5 {[%clk 00:32:51]} {[%emt 00:01:04]}
14. Bf2 {[%clk 00:48:50]} {[%emt 00:02:33]} Re8 {[%clk 00:28:16]} {[%emt
00:05:04]} 15. Qb5 {[%clk 00:43:01]} {[%emt 00:06:00]} Rxe4+ {[%clk 00:27:43]}
{[%emt 00:01:23]} 16. Nxe4 {[%clk 00:42:46]} {[%emt 00:00:45]} Qxe4+ {[%clk
00:28:01]} {[%emt 00:00:12]} 17. Qe2 {[%clk 00:42:23]} {[%emt 00:00:50]} Qxe2+
{[%clk 00:25:00]} {[%emt 00:03:32]} 18. Nxe2 {[%clk 00:40:47]} {[%emt
00:02:06]} Bd6 {[%clk 00:25:14]} {[%emt 00:00:17]} 19. Bg3 {[%clk 00:40:32]}
{[%emt 00:00:42]} Bxg3+ {[%clk 00:23:47]} {[%emt 00:01:59]} 20. Nxg3 {[%clk
00:40:07]} {[%emt 00:00:55]} Bg4 {[%clk 00:24:03]} {[%emt 00:00:14]} 21. Kd2
{[%clk 00:36:58]} {[%emt 00:03:39]} Rd8 {[%clk 00:23:57]} {[%emt 00:00:37]} 22.
Kc2 {[%clk 00:33:15]} {[%emt 00:04:13]} Ne3+ {[%clk 00:23:07]} {[%emt
00:01:19]} 23. Kc1 {[%clk 00:29:55]} {[%emt 00:03:49]} Nc4 {[%clk 00:22:30]}
{[%emt 00:01:07]} 24. h3 {[%clk 00:28:20]} {[%emt 00:02:05]} Be6 {[%clk
00:22:07]} {[%emt 00:00:53]} 25. Re1 {[%clk 00:24:23]} {[%emt 00:04:24]} Rd3
{[%clk 00:21:04]} {[%emt 00:01:36]} 26. Nh5 {[%clk 00:21:53]} {[%emt 00:02:29]}
Rd2 {[%clk 00:20:24]} {[%emt 00:01:41]} 27. b3 {[%clk 00:21:45]} {[%emt
00:00:38]} Rd3 {[%clk 00:16:49]} {[%emt 00:04:05]} 28. bxc4 {[%clk 00:19:47]}
{[%emt 00:02:29]} Rxc3+ {[%clk 00:17:11]} {[%emt 00:00:08]} 29. Kb2 {[%clk
00:19:17]} {[%emt 00:01:00]} Rxc4 {[%clk 00:17:33]} {[%emt 00:00:08]} 30. Rec1
{[%clk 00:18:12]} {[%emt 00:01:31]} Rb4+ {[%clk 00:16:30]} {[%emt 00:01:38]}
31. Ka3 {[%clk 00:18:25]} {[%emt 00:00:17]} Rh4 {[%clk 00:16:30]} {[%emt
00:00:30]} 32. Rd1 {[%clk 00:17:37]} {[%emt 00:01:18]} h6 {[%clk 00:15:35]}
{[%emt 00:01:25]} 33. Ng3 {[%clk 00:17:37]} {[%emt 00:00:27]} b5 {[%clk
00:15:30]} {[%emt 00:00:37]} 34. Rab1 {[%clk 00:17:23]} {[%emt 00:00:45]} Ra4+
{[%clk 00:15:31]} {[%emt 00:00:28]} 35. Kb2 {[%clk 00:16:51]} {[%emt 00:01:02]}
Rxa2+ {[%clk 00:15:30]} {[%emt 00:00:31]} 36. Kc3 {[%clk 00:16:29]} {[%emt
00:00:50]} Rxg2 {[%clk 00:15:50]} {[%emt 00:00:12]} 37. Nh5 {[%clk 00:14:52]}
{[%emt 00:02:07]} Bxh3 {[%clk 00:15:37]} {[%emt 00:00:42]} 38. Nf4 {[%clk
00:15:04]} {[%emt 00:00:15]} Rg3+ {[%clk 00:15:51]} {[%emt 00:00:20]} 39. Rd3
{[%clk 00:15:25]} {[%emt 00:00:09]} Rxd3+ {[%clk 00:15:54]} {[%emt 00:00:27]}
40. Kxd3 {[%clk 00:15:16]} {[%emt 00:00:40]} Bf5+ {[%clk 00:15:57]} {[%emt
00:00:25]} 41. Kc3 {[%clk 00:14:04]} {[%emt 00:01:34]} Bh3 {[%emt 00:00:41]}
42. Nd3 Bf5 {[%clk 00:14:40]} {[%emt 00:00:02]} 43. Nf4 {[%clk 00:13:39]}
{[%emt 00:03:02]} Bxb1 {[%clk 00:14:57]} {[%emt 00:00:13]} 44. Kb4 {[%clk
00:14:20]} {[%emt 00:00:19]} c6 {[%clk 00:14:49]} {[%emt 00:00:38]} 45. Kc5
{[%clk 00:13:42]} {[%emt 00:01:08]} a5 {[%clk 00:14:51]} {[%emt 00:00:28]} 46.
Ne2 {[%clk 00:13:45]} {[%emt 00:00:27]} b4 {[%clk 00:15:09]} {[%emt 00:00:12]}
47. Nd4 {[%clk 00:13:22]} {[%emt 00:00:53]} h5 {[%clk 00:15:07]} {[%emt
00:00:33]} 48. Kxc6 {[%clk 00:13:43]} {[%emt 00:00:09]} h4 {[%clk 00:15:29]}
{[%emt 00:00:06]} 49. Kb5 {[%clk 00:13:51]} {[%emt 00:00:23]} h3 {[%emt
00:00:33]} 50. Nf3 {[%clk 00:13:37]} {[%emt 00:00:14]} Be4 {[%clk 00:16:12]}
{[%emt 00:00:14]} 51. Nh2 {[%clk 00:13:53]} {[%emt 00:00:08]} b3 {[%clk
00:16:38]} {[%emt 00:00:11]} 52. Kc4 {[%clk 00:13:30]} {[%emt 00:00:53]} 0-1

[Event "DEM U12w 2023"]
[Site "Willingen GER"]
[Date "2023.05.29"]
[Round "3"]
[White "Borck, Elena"]
[Black "Krannich, Eva"]
[Result "1/2-1/2"]
[Termination "normal"]
[Board "18"]
[WhiteElo "970"]
[BlackElo "1025"]
[WhiteClock "00:28:10"]
[BlackClock "00:28:14"]
[PlyCount "96"]
[WhiteFideId "16275446"]
[BlackFideId "34639713"]
[EventCountry "GER"]
[EventRounds "9"]
[EventType "swiss"]
[EventDate "2023.05.27"]

1. Nf3 {[%clk 01:30:55]} {[%emt 00:00:04]} e6 {[%clk 01:30:41]} {[%emt
00:00:19]} 2. c4 {[%clk 01:31:05]} {[%emt 00:00:22]} f5 {[%clk 01:30:50]}
{[%emt 00:00:19]} 3. d4 {[%clk 01:30:21]} {[%emt 00:01:15]} Nf6 {[%clk
01:30:32]} {[%emt 00:00:47]} 4. Nc3 {[%clk 01:30:32]} {[%emt 00:00:20]} d6
{[%clk 01:30:01]} {[%emt 00:01:00]} 5. e3 {[%clk 01:29:58]} {[%emt 00:01:04]}
Be7 {[%clk 01:29:53]} {[%emt 00:00:38]} 6. Bd3 {[%clk 01:28:15]} {[%emt
00:02:14]} O-O {[%clk 01:28:17]} {[%emt 00:02:06]} 7. b3 {[%clk 01:27:39]}
{[%emt 00:01:06]} b6 {[%clk 01:26:52]} {[%emt 00:01:54]} 8. e4 {[%clk
01:26:05]} {[%emt 00:02:04]} fxe4 {[%clk 01:22:04]} {[%emt 00:05:18]} 9. Nxe4
{[%clk 01:26:15]} {[%emt 00:00:21]} Bb7 {[%clk 01:20:48]} {[%emt 00:01:46]} 10.
Qe2 {[%clk 01:22:52]} {[%emt 00:03:53]} h6 {[%clk 01:15:49]} {[%emt 00:05:28]}
11. Bb2 {[%clk 01:21:32]} {[%emt 00:01:51]} Nbd7 {[%clk 01:12:38]} {[%emt
00:03:41]} 12. O-O {[%clk 01:15:39]} {[%emt 00:06:23]} Qe8 {[%clk 01:08:02]}
{[%emt 00:05:06]} 13. d5 {[%clk 01:11:43]} {[%emt 00:04:26]} exd5 {[%clk
01:04:38]} {[%emt 00:03:53]} 14. cxd5 {[%clk 01:11:56]} {[%emt 00:00:17]} Rc8
{[%clk 01:00:53]} {[%emt 00:04:16]} 15. Bc4 {[%clk 01:10:59]} {[%emt 00:01:28]}
Nxe4 {[%clk 00:55:28]} {[%emt 00:05:54]} 16. Qxe4 {[%clk 01:11:03]} {[%emt
00:00:26]} Bf6 {[%clk 00:55:18]} {[%emt 00:00:40]} 17. Qc2 {[%clk 01:09:34]}
{[%emt 00:01:59]} Qh5 {[%clk 00:52:33]} {[%emt 00:03:13]} 18. Bxf6 {[%clk
01:07:08]} {[%emt 00:02:57]} Nxf6 {[%clk 00:51:58]} {[%emt 00:01:05]} 19. Qd3
{[%clk 01:00:59]} {[%emt 00:06:37]} Bxd5 {[%clk 00:50:20]} {[%emt 00:02:10]}
20. Rad1 {[%clk 00:55:57]} {[%emt 00:05:32]} Bxc4 {[%clk 00:50:14]} {[%emt
00:00:37]} 21. Qxc4+ {[%clk 00:56:06]} {[%emt 00:00:22]} Kh8 {[%clk 00:50:30]}
{[%emt 00:00:13]} 22. h3 {[%clk 00:54:15]} {[%emt 00:02:22]} Qc5 {[%clk
00:47:59]} {[%emt 00:03:00]} 23. Qxc5 {[%clk 00:52:31]} {[%emt 00:02:14]} dxc5
{[%clk 00:47:45]} {[%emt 00:00:44]} 24. Ne5 {[%clk 00:51:53]} {[%emt 00:01:08]}
Kh7 {[%clk 00:46:39]} {[%emt 00:01:36]} 25. Nd7 {[%clk 00:49:13]} {[%emt
00:03:11]} Nxd7 {[%clk 00:46:25]} {[%emt 00:00:43]} 26. Rxd7 {[%clk 00:49:31]}
{[%emt 00:00:14]} Rfe8 {[%clk 00:44:44]} {[%emt 00:02:11]} 27. Rfd1 {[%clk
00:44:54]} {[%emt 00:05:06]} Kg8 {[%clk 00:42:52]} {[%emt 00:02:21]} 28. R1d3
{[%clk 00:42:45]} {[%emt 00:02:40]} Rf8 {[%clk 00:41:13]} {[%emt 00:02:08]} 29.
Rg3 {[%clk 00:42:25]} {[%emt 00:00:51]} Rf7 {[%clk 00:41:34]} {[%emt 00:00:09]}
30. Rxf7 {[%clk 00:42:26]} {[%emt 00:00:29]} Kxf7 {[%clk 00:41:55]} {[%emt
00:00:09]} 31. a4 {[%clk 00:42:07]} {[%emt 00:00:50]} a5 {[%clk 00:40:40]}
{[%emt 00:01:45]} 32. Rf3+ {[%clk 00:41:32]} {[%emt 00:01:05]} Kg8 {[%clk
00:40:30]} {[%emt 00:00:39]} 33. g4 {[%clk 00:40:50]} {[%emt 00:01:13]} Rf8
{[%clk 00:39:30]} {[%emt 00:01:30]} 34. Rd3 {[%clk 00:39:33]} {[%emt 00:01:42]}
Rc8 {[%clk 00:35:07]} {[%emt 00:04:58]} 35. f4 {[%clk 00:37:57]} {[%emt
00:02:07]} c6 {[%clk 00:34:30]} {[%emt 00:01:07]} 36. g5 {[%clk 00:37:26]}
{[%emt 00:01:01]} hxg5 {[%clk 00:32:30]} {[%emt 00:02:30]} 37. fxg5 {[%clk
00:37:38]} {[%emt 00:00:18]} b5 {[%clk 00:32:03]} {[%emt 00:00:57]} 38. Rc3
{[%clk 00:37:07]} {[%emt 00:01:02]} c4 {[%clk 00:30:43]} {[%emt 00:01:50]} 39.
bxc4 {[%clk 00:34:19]} {[%emt 00:03:18]} bxa4 {[%clk 00:29:47]} {[%emt
00:01:27]} 40. Ra3 {[%clk 00:33:58]} {[%emt 00:00:51]} Rb8 {[%clk 00:29:51]}
{[%emt 00:00:26]} 41. Rxa4 {[%clk 00:33:50]} {[%emt 00:00:38]} Rb4 {[%clk
00:29:48]} {[%emt 00:00:32]} 42. Rxa5 {[%clk 00:33:30]} {[%emt 00:00:50]} Rxc4
{[%clk 00:30:05]} {[%emt 00:00:13]} 43. Ra8+ {[%clk 00:33:29]} {[%emt
00:00:30]} Kf7 {[%clk 00:30:24]} {[%emt 00:00:10]} 44. Kg2 {[%clk 00:31:26]}
{[%emt 00:02:35]} c5 {[%clk 00:29:58]} {[%emt 00:00:56]} 45. Kg3 {[%clk
00:31:26]} {[%emt 00:00:30]} Rc3+ {[%clk 00:28:51]} {[%emt 00:01:37]} 46. Kg4
{[%clk 00:30:43]} {[%emt 00:01:13]} Rc4+ {[%clk 00:28:27]} {[%emt 00:00:54]}
47. Kf5 {[%clk 00:29:37]} {[%emt 00:01:36]} g6+ {[%clk 00:28:11]} {[%emt
00:00:46]} 48. Ke5 {[%clk 00:28:10]} {[%emt 00:01:57]} Rc1 {[%clk 00:28:14]}
{[%emt 00:00:27]} 1/2-1/2